Prénoms filles 1992 - Statistiques

Statistiques générales
  • Ce quiz a été pris 1 098 fois
    578 depuis la dernière actualisation
  • Le résultat moyen est 53 sur 100
Statistiques - réponses
Hint Lettre Prénoms % Correct
3 M Marie
99%
4 J Julie
91%
6 P Pauline
86%
19 L Léa
83%
7 M Manon
83%
49 J Juliette
81%
11 C Camille
80%
2 L Laura
80%
74 L Louise
76%
8 M Marion
76%
21 S Sophie
76%
28 C Chloé
75%
13 J Justine
75%
15 L Lucie
75%
14 S Sarah
74%
95 A Anne
73%
22 M Mathilde
73%
72 C Clara
72%
12 E Émilie
72%
1 M Marine
72%
41 A Alice
70%
31 A Amélie
70%
61 L Laure
70%
23 C Charlotte
68%
68 E Élise
66%
60 J Julia
66%
10 M Mélanie
65%
38 C Clémence
64%
5 E Élodie
64%
20 A Aurélie
63%
32 C Céline
63%
9 A Audrey
61%
42 C Caroline
61%
17 A Anaïs
60%
48 H Hélène
60%
47 O Océane
60%
57 L Lisa
59%
100 O Olivia
59%
36 S Stéphanie
59%
18 C Claire
58%
33 F Fanny
58%
16 A Amandine
57%
40 M Mélissa
57%
77 E Eva
56%
86 I Ines
56%
45 M Margaux
56%
89 M Margot
56%
26 A Alexandra
55%
73 A Alicia
54%
56 N Noémie
54%
51 C Cécile
52%
34 E Estelle
52%
35 J Jessica
52%
96 V Virginie
52%
52 O Ophélie
51%
93 V Victoria
51%
50 S Sandra
50%
30 C Coralie
49%
24 M Morgane
49%
66 C Célia
48%
85 C Clémentine
48%
37 M Maêva
47%
81 A Agathe
46%
29 J Jennifer
46%
63 M Marina
46%
88 V Vanessa
46%
78 G Gaëlle
45%
53 L Laurie
45%
97 C Charline
43%
54 D Delphine
43%
43 S Sabrina
43%
58 A Aurore
42%
98 S Solène
42%
55 A Alexia
41%
39 A Adeline
40%
44 C Charlène
40%
65 E Émeline
39%
27 L Laëtitia
39%
25 C Cindy
38%
80 E Emmanuelle
38%
70 C Cassandra
36%
84 K Kelly
35%
94 M Maud
35%
75 M Myriam
35%
46 A Angélique
34%
79 J Johanna
33%
64 L Ludivine
33%
83 S Sonia
33%
91 C Christelle
31%
67 L Lucile
29%
62 D Déborah
27%
82 M Mégane
27%
87 F Floriane
26%
90 T Tiffany
26%
59 G Gwendoline
24%
69 S Samantha
23%
71 A Alison
22%
76 C Cynthia
22%
99 M Mylène
22%
92 M Marjorie
18%
Aucun quiz correspondant
Distribution des résultats
% des personnes avec chaque résultat
Percentile par nombre de réponses
Votre historique - résultats
Vous n’avez pas pris ce quiz depuis la dernière actualisation